Normal view
MARC view
Entry Personal Name
001 - CONTROL NUMBER
- control field: 51222
003 - CONTROL NUMBER IDENTIFIER
- control field: ARRUPE
005 - DATE AND TIME OF LATEST TRANSACTION
- control field: 20220406094417.0
008 - FIXED-LENGTH DATA ELEMENTS
- fixed length control field: 220406|| aca||aabn | a|a d
040 ## - CATALOGING SOURCE
- Original cataloging agency: ARRUPE
- Transcribing agency: ARRUPE
100 ## - HEADING--PERSONAL NAME
- Personal name: Pollock, Philip H.,
- Titles and other words associated with a name: III
670 ## - SOURCE DATA FOUND
- Source citation: Work cat.: (ARRUPE)131258: Pollock, Philip H., III., A Stata companion to political analysis /, c2011.